Normal view
MARC view
- الغريري، سامي ذياب
Entry Personal Name
001 - CONTROL NUMBER
- control field: 64057
003 - CONTROL NUMBER IDENTIFIER
- control field: JO-AjAnu
005 - DATE AND TIME OF LATEST TRANSACTION
- control field: 20230606084443.0
008 - FIXED-LENGTH DATA ELEMENTS
- fixed length control field: 230606|| aca||aabn | a|a d
040 ## - CATALOGING SOURCE
- Original cataloging agency: JO-AjAnu
- Transcribing agency: JO-AjAnu
100 ## - HEADING--PERSONAL NAME
- Personal name: الغريري، سامي ذياب
670 ## - SOURCE DATA FOUND
- Source citation: Work cat.: (JO-AjAnu)32655: الغريري، سامي ذياب, author, الرياضيات المالية في المصارف